00546nam a2200169Ia 4500003000400000005001700004008004000021040000700061041001200068082001600080100006700096245007300163260003700236300000800273650003400281700006100315OSt20241127121635.0210210b1998 xxu||||| |||| 00| 0 eng d cAL aKannada aK894.9 NAGA aNAGARAJ (D R), Ed.d ನಾಗರಾಜ್ (ಡಿ ಆರ್)  aAshishnandi vicharabಅಶೀಶ್ ನಂದಿ ವಿಚಾರ aSagarabAkshara Prakashanac1998 a164 aAshish Nandi Akshara Chintana aSubbanna K Vdಸುಬ್ಬಣ್ಣ, ಕೆ.ವಿ tr